000 00271pam a2200121 a 4500
020 _c
041 _aeng
100 _aSrinath.L.S.
245 _aPert And CPM
_hTextual Documents
260 _a[s.l]:
_bAffllated East-West Press Pvt.Ltd
300 _a202p.
930 _a14171
999 _c91071
_d91071